|
|
|
|
| LEADER |
00655nnm a2200193 i 4500 |
| 001 |
eta3775 |
| 005 |
20201106155805.0 |
| 008 |
201106s2020 hu o 0|| fre d |
| 040 |
|
|
|a SZTE Elektronikus Tananyag Archívum
|b hun
|
| 041 |
|
|
|a fre
|
| 100 |
1 |
|
|a Szász Géza
|
| 245 |
1 |
3 |
|a La Deuxieme République
|h [elektronikus dokumentum] /
|c Szász Géza
|
| 260 |
|
|
|c 2020-11-02
|
| 516 |
|
|
|a Presentation
|
| 650 |
|
4 |
|a Bölcsészettudományok
|
| 650 |
|
4 |
|a Történettudomány és régészet
|
| 650 |
|
4 |
|a Történettudomány
|
| 650 |
|
4 |
|a Újkori és jelenkori történelem
|
| 856 |
4 |
0 |
|u https://eta.bibl.u-szeged.hu/3775/1/2REPUBLIQUEImagesetson.pptx
|z Dokumentum-elérés
|